000 00777nam a2200241Ia 4500
003 OSt
005 20220925223449.0
006 a|||||r|||| 00| 0
007 ta
008 220923b |||||||| |||| 00| 0 eng d
020 _a9780415773027
_c5130.6000000000004
037 _b3558, 10/12/2008, RAJKIRAN BOOK AGENCY
_cGeneral Book
040 _aRTL
_cRTL
_beng
041 _2eng
_aeng
082 _aX6xM83:g, P8
100 _aJones John Philip
_9289772
245 0 _aKeynes's vision
_b Why the great depression did not return
260 _aLondon
_bRoutledge
_c2008
300 _axv, 222p
_ccm.
650 _aEconomics
942 _hX6xM83:g, P8
_cGB
_2CC
999 _c579674
_d579674